000
00237nam a2200097Ia 4500
008
190216s9999||||xx |||||||||||||| ||und||
100
_a
Null
245
0
_a
Chila Jaiva Prakriyayude Resathanthram
260
_b
Kerala Basha Inst
942
_c
BK
999
_c
37695
_d
37695